| 000 | 00465nam a2200169Ia 4500 | ||
|---|---|---|---|
| 005 | 20260629175235.0 | ||
| 008 | 170106s2010||||xx |||||||||||||| ||und|| | ||
| 020 |
_a9781439817377 _qhb |
||
| 082 |
_a621.3822 _bKUM.2E |
||
| 100 | _aKumar, B. Preetham | ||
| 245 | 0 | _aDigital signal processing laboratory [2nd ed.] | |
| 250 | _a2nd ed. | ||
| 260 |
_aBoca Raton _bCRC Press _c2010 |
||
| 300 | _axx, 278p. ; 24cm. | ||
| 650 | _aElectrical Engineering | ||
| 942 |
_cBK _2ddc |
||
| 999 |
_c9548 _d9548 |
||